000 00679nam a2200217Ia 4500
005 20260429112006.0
008 260429s9999||||xx |||||||||||||| ||und||
020 _a9781032119106
041 _aEnglish
082 _a005.133
_bBAE
100 _aBaez-Lopez, David
245 0 _aIntroduction to python :
_bwith applications in optimization, image and video processing, and machine learning /
_cDavid Baez-Lopez
250 _a1st ed.
260 _aBoca Raton :
_bCRC Press,
_c2024.
300 _axv, 436 p.; pbk
650 _a Computer programming
650 _a Python programming
650 _aComputer science
700 _a Villegas, David Alfredo Baez
942 _cTB
999 _c51780
_d51780